Normal view
MARC view
- STATISTICAL MECHANICS.PROBLEMS,EXCERCISES
Entry Topical Term
001 - CONTROL NUMBER
- control field: 77921
003 - CONTROL NUMBER IDENTIFIER
- control field: NUST
005 - DATE AND TIME OF LATEST TRANSACTION
- control field: 20210628210030.0
008 - FIXED-LENGTH DATA ELEMENTS
- fixed length control field: 210628|| aca||aabn | a|a d
040 ## - CATALOGING SOURCE
- Original cataloging agency: NUST
- Transcribing agency: NUST
150 ## - HEADING--TOPICAL TERM
- Topical term or geographic name entry element: STATISTICAL MECHANICS.PROBLEMS,EXCERCISES
670 ## - SOURCE DATA FOUND
- Source citation: Work cat.: (NUST): Lawrie, Ian.D Frastai, Jaime Dalvit, Diego.A. R 77920, Problems on statistical mechanics, 1999
